MARC details
| 000 -LÍDER |
| campo de controle de tamanho fixo |
01392nas a2200349 4500 |
| 001 - NÚMERO DE CONTROLE |
| campo de controle |
BR8300089 |
| 003 - IDENTIFICADOR DO NÚMERO DE CONTROLE |
| campo de controle |
BR-BrBNA |
| 005 - DATA E HORÁRIO DA ÚLTIMA TRANSAÇÃO |
| campo de controle |
20231205085358.0 |
| 007 - CAMPO FIXO DE DESCRIÇÃO FÍSICA--INFORMAÇÃO GERAL |
| campo de controle de tamanho fixo |
ta |
| 008 - CAMPO DE DADOS FIXOS--INFORMAÇÃO GERAL |
| campo de controle de tamanho fixo |
230509b bl.|||p| |||| 00| 00por d |
| 040 ## - FONTE DA CATALOGAÇÃO |
| Instituição da catalogação original |
BR-BrBNA |
| Idioma da catalogação |
por |
| Instituição que transcreveu o registro |
Biblioteca Nacional de Agricultura |
| 041 ## - CÓDIGO DE IDIOMA |
| Código do idioma do texto/trilha sonora ou título diferente |
(Pt) |
| 072 ## - CÓDIGO DE CATEGORIA DE ASSUNTO |
| Código de Categoria de Assunto |
F25 |
| 100 1# - ENTRADA PRINCIPAL--NOME PESSOAL |
| Nome pessoal |
Holanda, J.S. de |
| 100 1# - ENTRADA PRINCIPAL--NOME PESSOAL |
| Nome pessoal |
Mielniczuk, J. |
| 100 1# - ENTRADA PRINCIPAL--NOME PESSOAL |
| Nome pessoal |
Stammel, J.G. |
| 245 1# - TÍTULO |
| Título |
Utilizacao de esterco e adubo mineral em quatro sequencias de culturas em solo de encosta basaltica do Rio Grande do Sul [alfafa, alho, aveia, ervilha, feijao, milho, tremoco, Medicago spp, Allium sativum, Avena sp, Phaseolus vulgaris, Zea mays, Pisum sativum, Lupinus sp] |
| 246 1# - FORMA VARIANTE DO TÍTULO |
| Título/título abreviado |
Utilization of poultry manure and mineral fertilizers in smallholders of the state of Rio Grande do Sul [alfalfa, garlic, oat, pea, bean, corn, lupine, Medicago spp, Allium sativum, Avena sp, Phaseolus vulgaris, Zea mays, Pisum sativum, Lupinus sp] |
| 650 ## - ASSUNTO--TERMO TÓPICO |
| Cabeçalho tópico ou nome geográfico |
ESTERCO |
| 650 ## - ASSUNTO--TERMO TÓPICO |
| Cabeçalho tópico ou nome geográfico |
FERTILIZANTE |
| 650 ## - ASSUNTO--TERMO TÓPICO |
| Cabeçalho tópico ou nome geográfico |
ALFAFA |
| 650 ## - ASSUNTO--TERMO TÓPICO |
| Cabeçalho tópico ou nome geográfico |
ALHO |
| 650 ## - ASSUNTO--TERMO TÓPICO |
| Cabeçalho tópico ou nome geográfico |
AVEIA |
| 650 ## - ASSUNTO--TERMO TÓPICO |
| Cabeçalho tópico ou nome geográfico |
FEIJAO |
| 650 ## - ASSUNTO--TERMO TÓPICO |
| Cabeçalho tópico ou nome geográfico |
MILHO |
| 650 ## - ASSUNTO--TERMO TÓPICO |
| Cabeçalho tópico ou nome geográfico |
TREMOCO |
| 650 ## - ASSUNTO--TERMO TÓPICO |
| Cabeçalho tópico ou nome geográfico |
ADUBACAO |
| 650 ## - ASSUNTO--TERMO TÓPICO |
| Cabeçalho tópico ou nome geográfico |
RIO GRANDE DO SUL |
| 773 0# - ENTRADA ANALÍTICA |
| Título |
Revista Brasileira de Ciencia do Solo (Brazil) |
| ISSN - International Standard Serial Number |
ISSN 0100-0683 |
| Partes relacionadas |
(Jan 1982), v. 6(1) p. 47-51 |
| Número de controle do registro |
BR8300089 |
| 909 ## - |
| -- |
202311 |
| -- |
Lúcia |
| -- |
55 |
| -- |
Lúcia Elande |
| 942 ## - ELEMENTOS DE ENTRADA ADICIONADOS (KOHA) |
| Fonte da classificação ou esquema de arquivamento na estante |
Classificação AGRIS |
| Ocultar no OPAC |
Não |
| Tipo de material Koha |
Analítica |